000 00294nam a2200109Ia 4500
008 200302s9999 xx 000 0 und d
100 _aNadim Hassoun & other
245 _aStructural Concrete Theory and Design 5th ed.,
260 _bJohn Wiley and Sons ,Inc
260 _c2012
300 _a1007 P.,
999 _c3128
_d3128